Quizzes
Events
Quiz Creation
Community
Videos
Private Events
Remove Ads
Sign In
Join for FREE
Feedback
Dark Mode
Quiz Categories
Sports
Geography
Music
Movies
Television
Just For Fun
Miscellaneous
History
Literature
Language
Science
Gaming
Entertainment
Religion
Holiday
For Kids
Quiz Lab
Recent
Popular Today
Quiz Kudos Today
Editor Picks
Curator Picks
Quizzes by...
Day
Popularity
Type
Ratings
Length
Year
Community
Subscriptions
Recent Discussions
Orange Saloon
Badges
Playlists
Quests
Create
Leaderboards
Showdown
Live 5
Trivia Bingo
Activity
Puzzle Library
Sporcle Events
Private Events
Virtual Trivia
Globe League
Become a Host
Pub Owners
SporcleCon
Opinionation
Our Games
Videos
Blog
Mobile Apps
Partnerships
Remove Ads and Go Orange
Feedback
Geography
Country
Landmarks
City
State
Population
World
Capital
Continent
Flags
Europe
Africa
Asia
South America
North America
Oceania
Border
Canada
United Kingdom
Topography
United States
Geography
Country
Landmarks
City
State
Population
World
Capital
Continent
Flags
Europe
Africa
Asia
South America
North America
Oceania
Border
Canada
United Kingdom
Topography
United States
Random Quiz
Search Sporcle
×
Quiz Lab
Quiz Lab
Geography
United States
Type in answers that appear in a list
Type in answers that appear in a list
Classic
Best Score? Go Orange.
U. S. Cities That Are Formed By Two Syllables at 190,000 + Stats
Can you name the U. S. Cities That Are Formed By Two Syllables at 190,000 +?
By
tallonator
15m
45 Questions
949 Plays
949 Plays
949 Plays
Comments
Comments
Give Quiz Kudos
Give Quiz Kudos
-
- Ratings
hide this ad
Replay
Link that replays current quiz
Next Quiz
Link to next quiz in quiz playlist
You Got
0%
They Got
Avg Score
73%
Avg Friend Score
Upgrade to see
Score Distribution
Jump to the score distribution portion of the page
Score
0/45
Timer
15:00
0
Plays Today
State
City
% Correct
New York
New York
96.3%
Texas
Dallas
93.2%
Texas
Houston
92.4%
Arizona
Phoenix
90.3%
Massachusetts
Boston
89.7%
Texas
Austin
89.5%
Colorado
Denver
88%
Michigan
Detroit
87.6%
Tennessee
Nashville
87%
Oregon
Portland
87%
Tennessee
Memphis
85.5%
North Carolina
Raleigh
85.2%
Ohio
Cleveland
83.7%
North Carolina
Charlotte
83.5%
Pennsylvania
Pittsburgh
82.4%
Florida
Tampa
82.1%
Nevada
Reno
81.8%
Oklahoma
Tulsa
81.5%
Idaho
Boise
81.3%
Arizona
Tucson
80.4%
Texas
Fort Worth
79.5%
Nebraska
Lincoln
79%
New Jersey
Newark
78.5%
State
City
% Correct
Virginia
Richmond
78.5%
Iowa
Des Moines
77%
Arizona
Mesa
75.8%
California
Oakland
75.3%
Ohio
Akron
73.9%
California
Fresno
73.8%
Minnesota
Saint Paul
73%
North Carolina
Durham
71.7%
Washington
Spokane
70.3%
Virginia
Norfolk
66.8%
New York
Yonkers
65.9%
California
Long Beach
61.7%
Texas
Lubbock
57.7%
Texas
Plano
57.3%
Arizona
Chandler
53.2%
California
Irvine
51.6%
California
Stockton
51.2%
Texas
Irving
50.1%
Arizona
Gilbert
46.8%
Texas
Garland
43.8%
California
Fremont
40.1%
California
Oxnard
35.7%
Quiz Playlist
Details
Report
Send in Message
Add To Playlist
Classic:
Type in answers that appear in a list
Last Updated: Feb 16, 2017
Quiz Scoreboard
CHALLENGE
Sign Up to Join the Scoreboard
Show All
Scores
Hide
Comments
May contain spoilers
Recently Published
NBA Finals Game Top Scorers (2010s)
by flibbidy
Sports
5m
Guess the 'R' Things in 3 Words
by MSUKent
Miscellaneous
3m
Actor to Badly Drawn Movie III
by MoMosMoProblems
Movies
5m
More to Explore
Quiz From the Vault
Featured Blog Post
Where Does Lost Luggage Go?
hide this ad
You Might Also Like...
Tags
United States Quiz
2011
biggest
largest
out
Sounding
Syllable
Syllable Words
Top 200
Two
US Cities
Today's Top Quizzes in Geography
Browse Geography
hide this ad
Today's Top Quizzes in United States
Browse United States
Top Contributed Quizzes in Geography
1
Countries of the World - No Outlines Minefield
2
Find the Landmarks A-Z
3
Lietuvos savivaldybės (Lithuanian Municipalities)
4
Blind Ultimate Minefield: World
5
Ultimate Geography Challenge 'A'
6
Find the US States - No Outlines
7
3, 2, 1 or 0: Land Borders
8
Complete the Map Snippet (Minefield) IX
9
Nickname Match: U.S. States
10
Complete the Map Snippet (Minefield) X
Explore More
Trending Topics
NBA
Crossword
Kpop
Marvel
Harry Potter
Anime
Disney
Pokémon
Soccer
Song
WWE
NFL
Puzzle
Country
The Office
hide this ad
More By:
tallonator
Quiz
Plays
Rating
Category
Featured
Created
20 Largest 'S' US Metro Areas
71,894
4.31
Geography
Jan 1, 2013
Cars Available in 1920
22,317
4.55
History
Mar 31, 2015
World's Fairs
19,706
4.33
History
Nov 1, 2011
Star Wars Line Assignments
15,931
4.51
Movies
Sep 10, 2017
Steven Spielberg Best Director Golden Globe Wins & Noms
4,605
4.43
Movies
Sep 2, 2017
Go to Creator's Profile
Score Distribution
Quiz Creator Spotlight
tallonator
Follow
Send a Message
Quizzes Created
-
Created Quiz Play Count
-
More By This Creator
Popular Quizzes Today
1
Find the US States - No Outlines Minefield
2
Find the US States
3
The Countries of the World
4
10 Largest US States in Order
5
Find the Countries of Europe - No Outlines Minefield
6
US States
7
Guess the 'R' Things in 3 Words
8
NBA Finals Game Top Scorers (2010s)
More Geography Quizzes
Countries and Capitals Crossword 025
Quiz Lab
Trending Quizzes
First Name TV: Leading Men
First Name TV: Leading Women Drama
Match the Book to the Film II
Pick A Pair: Religious TV
Match the Book to the Film VI
Recently Updated
Women's Final Four Teams by Year
bhenderson79
Presidents Quartet II
eogle
Anything But Clue(do)
eogle
Anything But Oceanian Capitals
eogle
Anything But 7
eogle
Anything But Thing
eogle
Word Ladder: February 29
pecheneg
Song Title Questions
pecheneg
Women's NCAA Tournament #1 Seeds
pecheneg
Celebrity Mug Shots
pecheneg
Trending Topics
Anime
Crossword
Marvel
Kpop
Disney
NBA
Harry Potter
Country
Puzzle
WWE
Soccer
The Office
Pokémon
Song
NFL
Your Account Isn't Verified!
In order to create a playlist on Sporcle, you need to verify the email address you used during registration. Go to your
Sporcle Settings
to finish the process.
Report this User
Report this user for behavior that violates our
Community Guidelines
.
Details:
Send Report
Go to the Sporcle.com Mobile Site →
Comments